[Event "AUT-ch U16"]
[Site "Bad Ischl"]
[Date "2007.04.04"]
[Round "7"]
[White "Hartl, Daniel"]
[Black "Peschek, Marcel"]
[Result "1-0"]
[WhiteElo "1969"]
[BlackElo "1620"]
[PlyCount "87"]
[EventDate "2007.03.31"]
[EventType "swiss"]
[EventRounds "7"]
[EventCountry "AUT"]
[SourceTitle "EXT 2008"]
[Source "ChessBase"]
[SourceDate "2007.11.25"]
[SourceVersion "1"]
[SourceVersionDate "2007.11.25"]
[SourceQuality "1"]

1. e4 c5 2. Nf3 Nc6 3. Bb5 d6 4. 0-0 a6 5. Bxc6+ bxc6 6. Nc3 Bg4 7. h3 Bh5 8. Re1 e6 9. d3 Be7 10. Bf4 e5 11. Be3 Nf6 12. Kh2 0-0 13. Ne2 Nd7 14. Ng3 Bg6 15. c3 Qb6 16. b3 f5 17. exf5 Bxf5 18. Nxf5 Rxf5 19. d4 e4 20. Nd2 d5 21. Nf1 Rf7 22. Ng3 Rd8 23. Rf1 Qc7 24. Qe2 a5 25. c4 cxd4 26. Bxd4 Bf6 27. Bxf6 Nxf6 28. cxd5 cxd5 29. Kg1 Qb6 30. Rfd1 Ne8 31. Rac1 Nc7 32. Rd2 Qd6 33. Nxe4 Qa3 34. Rdc2 Re7 35. Rxc7 Rxe4 36. Qh5 Re7 37. Qg5 Rde8 38. Qxd5+ Kf8 39. Qf5+ Kg8 40. Qd5+ Kf8 41. R1c3 Re6 42. Rf3+ Rf6 43. Rxf6+ gxf6 44. Qf7# 1-0

[Event "AUT-ch U16"]
[Site "Bad Ischl"]
[Date "2007.04.02"]
[Round "4"]
[White "Stagl, Marco"]
[Black "Peschek, Marcel"]
[Result "0-1"]
[WhiteElo "1724"]
[BlackElo "1620"]
[PlyCount "96"]
[EventDate "2007.03.31"]
[EventType "swiss"]
[EventRounds "7"]
[EventCountry "AUT"]
[SourceTitle "EXT 2008"]
[Source "ChessBase"]
[SourceDate "2007.11.25"]
[SourceVersion "1"]
[SourceVersionDate "2007.11.25"]
[SourceQuality "1"]

1. d4 d5 2. g3 e6 3. Bg2 Be7 4. Nf3 Nf6 5. 0-0 0-0 6. c4 c6 7. Qc2 Nbd7 8. Nbd2 Nb6 9. b3 Nbd7 10. Bb2 b6 11. e4 dxe4 12. Nxe4 Bb7 13. Nxf6+ Nxf6 14. Ne5 Qc7 15. Rad1 Rad8 16. Rd3 Nd7 17. Re1 Bf6 18. Ng4 Be7 19. Ne3 Nf6 20. Red1 Rd7 21. Qe2 Rfd8 22. Ng4 Nxg4 23. Qxg4 Bf8 24. Bc1 g6 25. Bf4 Qc8 26. Bg5 Re8 27. h4 h5 28. Qf4 Bg7 29. Bf6 Bxf6 30. Qxf6 Qd8 31. Qe5 Qe7 32. Re1 Qd6 33. Qxd6 Rxd6 34. Kf1 Red8 35. Red1 e5 36. d5 cxd5 37. Bxd5 Bxd5 38. Rxd5 Rxd5 39. Rxd5 Rxd5 40. cxd5 Kf8 41. Ke2 Ke7 42. Kd3 Kd6 43. Kc4 a6 44. a3 f6 45. a4 g5 46. b4 g4 47. b5 a5 48. f4 gxf3 0-1

[Event "AUT-ch U16"]
[Site "Bad Ischl"]
[Date "2007.04.01"]
[Round "3"]
[White "Oitzl, Danijel"]
[Black "Peschek, Marcel"]
[Result "1-0"]
[WhiteElo "1912"]
[BlackElo "1620"]
[PlyCount "155"]
[EventDate "2007.03.31"]
[EventType "swiss"]
[EventRounds "7"]
[EventCountry "AUT"]
[SourceTitle "EXT 2008"]
[Source "ChessBase"]
[SourceDate "2007.11.25"]
[SourceVersion "1"]
[SourceVersionDate "2007.11.25"]
[SourceQuality "1"]

1. d4 d5 2. Nf3 e6 3. c4 c6 4. e3 Nf6 5. Nc3 Be7 6. Qc2 Nbd7 7. b3 0-0 8. Bd3 h6 9. Bb2 b6 10. 0-0 Bb7 11. Rfc1 Rc8 12. cxd5 cxd5 13. Qe2 Ne8 14. a4 a5 15. Nb5 Nb8 16. Ne5 Nd6 17. Nc3 Nc6 18. Nxc6 Bxc6 19. Rc2 Qd7 20. Rac1 Bb7 21. h3 Bf6 22. Ba3 Be7 23. Nb5 Rxc2 24. Rxc2 Rc8 25. Nxd6 Rxc2 26. Bxc2 Bxd6 27. Bxd6 Qxd6 28. Qd3 g6 29. Qb5 Qc6 30. Qxc6 Bxc6 31. Bd3 Kf8 32. Kf1 Ke7 33. Ke2 Be8 34. Kd2 Kd6 35. Kc3 f6 36. Bc2 e5 37. b4 axb4+ 38. Kxb4 e4 39. a5 bxa5+ 40. Kxa5 g5 41. Bd1 Bg6 42. Kb6 f5 43. g3 Bf7 44. h4 g4 45. Be2 Be6 46. Bb5 Bf7 47. Kb7 h5 48. Kc8 Bg6 49. Kd8 Bf7 50. Bd7 Bg6 51. Kc8 Bh7 52. Be8 Bg8 53. Kd8 Be6 54. Bxh5 Bg8 55. Bg6 Ke6 56. Be8 Kd6 57. Bd7 Bh7 58. h5 f4 59. gxf4 g3 60. fxg3 Bg6 61. Bg4 Bh7 62. f5 Bg8 63. h6 Kc6 64. f6 Kb5 65. h7 Bxh7 66. f7 Kc4 67. Be2+ Kc3 68. f8Q Kd2 69. Bb5 Kxe3 70. Qh6+ Kxd4 71. Qxh7 e3 72. Qd3+ Kc5 73. Qxe3+ Kxb5 74. Qd3+ Kc5 75. Kd7 d4 76. g4 Kb6 77. Qc4 d3 78. Qb4+ 1-0

[Event "AUT-ch U14"]
[Site "Deutschlandsberg"]
[Date "2006.??.??"]
[Round "3"]
[White "Banczi, Thomas"]
[Black "Peschek, Marcel"]
[Result "0-1"]
[WhiteElo "1415"]
[BlackElo "1549"]
[PlyCount "146"]
[EventDate "2006.06.??"]
[EventType "swiss"]
[EventRounds "7"]
[EventCountry "AUT"]
[SourceTitle "EXT 2009"]
[Source "ChessBase"]
[SourceDate "2008.11.26"]
[SourceVersion "1"]
[SourceVersionDate "2008.11.26"]
[SourceQuality "1"]

1. e4 c5 2. Nf3 Nc6 3. Bc4 e6 4. Nc3 d6 5. d3 a6 6. a3 Be7 7. Qd2 Nf6 8. Qg5 0-0 9. 0-0 Nxe4 10. Qf4 Nf6 11. Qg3 d5 12. Bb3 Bd6 13. Qh4 Nd7 14. Bg5 Be7 15. Bxe7 Qxe7 16. Qxe7 Nxe7 17. Rfe1 Nc6 18. Ng5 d4 19. Nce4 h6 20. Nf3 b6 21. Nd6 Rd8 22. Re2 Nf6 23. Nc4 b5 24. Nce5 Bb7 25. Rd1 Nxe5 26. Nxe5 Rac8 27. Ba2 Bd5 28. b3 Bb7 29. h3 Nd5 30. Ra1 Nf4 31. Rd2 Nxg2 32. b4 Nf4 33. Kh2 h5 34. Kg3 Ng6 35. Nxg6 fxg6 36. Bxe6+ Kf8 37. Bxc8 Rxc8 38. Re1 cxb4 39. axb4 Rd8 40. Rde2 Rd7 41. Re6 Kf7 42. Kh4 Rc7 43. R1e2 Bf3 44. R2e5 Bb7 45. Kg5 Bc8 46. Rxg6 Rxc2 47. Rc5 Rxc5+ 48. bxc5 Ke7 49. Rxg7+ Ke6 50. f4 a5 51. f5+ Kd5 52. f6 Be6 53. f7 Bxf7 54. Rxf7 Kxc5 55. Rf5+ Kb4 56. Kxh5 a4 57. Rf1 a3 58. Rb1+ Ka4 59. Kg4 b4 60. h4 a2 61. Ra1 Ka3 62. h5 b3 63. h6 b2 64. h7 bxa1Q 65. h8Q Qg1+ 66. Kf3 Qe3+ 67. Kg4 a1Q 68. Qa8+ Kb2 69. Qb7+ Kc2 70. Qc6+ Kd2 71. Kf5 Qf1+ 72. Kg6 Qeg1+ 73. Kh5 Qh3# 0-1

[Event "AUT-ch U14"]
[Site "Deutschlandsberg"]
[Date "2006.??.??"]
[Round "1"]
[White "Widhalm, Florian"]
[Black "Peschek, Marcel"]
[Result "1/2-1/2"]
[WhiteElo "1787"]
[BlackElo "1549"]
[PlyCount "58"]
[EventDate "2006.06.??"]
[EventType "swiss"]
[EventRounds "7"]
[EventCountry "AUT"]
[SourceTitle "EXT 2009"]
[Source "ChessBase"]
[SourceDate "2008.11.26"]
[SourceVersion "1"]
[SourceVersionDate "2008.11.26"]
[SourceQuality "1"]

1. e4 c5 2. Nf3 Nc6 3. d4 cxd4 4. Nxd4 Nf6 5. Nc3 e6 6. Bg5 Be7 7. Be2 a6 8. 0-0 Nxe4 9. Bxe7 Nxc3 10. Bxd8 Nxd1 11. Nxc6 bxc6 12. Bb6 Nxb2 13. Rab1 Na4 14. Bd4 Rg8 15. Rb3 c5 16. Be3 d6 17. Bf3 d5 18. Rfb1 g5 19. g3 g4 20. Bg2 Ke7 21. c4 Rd8 22. Ra3 Bd7 23. cxd5 exd5 24. Bxd5 Rab8 25. Rxb8 Rxb8 26. Bb3 Rb4 27. Rxa4 Rxa4 28. Bxa4 Bxa4 29. Bxc5+ Ke6 1/2-1/2